Nursery Rhymes Quiz Stats

Quiz not verified by Sporcle

Challenge
Share
Tweet
Embed
Score 0/20 Timer 07:00
0 Plays Today
Second Line Name % Correct
...sat on her tuffetLittle Miss Muffet
84.3%
...has lost her sheepLittle Bo Peep
82.4%
...the mouse ran up the clockHickory Dickory Dock
79.4%
...its fleece was white as snowMary Had A Little Lamb
79.4%
...see how they runThree Blind Mice
77.5%
...sat in a corner Little Jack Horner
75.5%
...to fetch a pail of waterJack And Jill Went Up The Hill
74.5%
...the cat and the fiddleHey Diddle Diddle
72.5%
...how does your garden growMary Mary Quite Contrary
64.7%
...have you any woolBaa Baa Black Sheep
63.7%
Second Line Name % Correct
...went to marketThis Little Piggy
56.9%
...met a piemanSimple Simon
56.9%
...sat on the wallHumptey Dumptey
50%
...pudding and pieGeorgie Porgie
48%
...went to gloucesterDoctor Foster
26.5%
...pussy's in the wellDing Dong Bell
24.5%
...thy cradle is greenon the treetopRock A By Baby
23.5%
...like a teddy bearRound And Round The Garden
18.6%
...whether does thou wonderGoosey Goosey Gander
10.8%
...pocket of posiesRing A Ring A Roses
7.8%

You're not logged in!

Compare scores with friends on all Sporcle quizzes.
Join for Free
OR
Log In

You Might Also Like...

Show Comments

Extras

Created Apr 30, 2010ReportNominate
Tags:nursery, rhyme, second

Top Quizzes Today


Score Distribution

Your Account Isn't Verified!

In order to create a playlist on Sporcle, you need to verify the email address you used during registration. Go to your Sporcle Settings to finish the process.

Report this User

Report this user for behavior that violates our Community Guidelines.

Details: